000 00859nam a2200229Ii 4500
003 JO-AjNU
008 230605s9999||||xx |||||||||||||| ||und||
017 _a2003/3915
020 _a977-239-190-2
040 _aJO-AjNU
_bara
_erda
_cJO-AjNU
041 _aara
050 1 4 _aKZ6471.2010
100 3 _aإعداد نخبة من المتخصصين والخبراء ؛ تقديم أحمد فتحي سرور,
_eauthor
_952978
245 0 0 _aالقانون الدولى الإنساني : دليل للتطبيق على الصعيد الوطني
250 _aط4
264 3 1 _aالقاهرة : اللجنة الدولية للصليب الأحمر، 2010
300 _a536ص
336 _atext
_btxt
_2rdacontent
337 _aunmediated
_bn
_2rdamedia
338 _avolume
_bnc
_2rdacarrier
650 4 _aالقانون الدولى الإنساني
_952979
999 _aA23500
_c27068
_d27068